Physicochemical Principles of Pharmacy in Manufacture, Formulation and Clinical Use (Record no. 353256)
[ view plain ]
| 000 -LEADER | |
|---|---|
| fixed length control field | 00378nam a2200109Ia 4500 |
| 008 - FIXED-LENGTH DATA ELEMENTS--GENERAL INFORMATION | |
| fixed length control field | 180116s9999 xx 000 0 und d |
| 020 ## - INTERNATIONAL STANDARD BOOK NUMBER | |
| International Standard Book Number | 9780857111746 |
| 245 ## - TITLE STATEMENT | |
| Statement of responsibility, etc | Alexander T. Florence, David Attwood |
| Title | Physicochemical Principles of Pharmacy in Manufacture, Formulation and Clinical Use |
| 250 ## - EDITION STATEMENT | |
| Edition statement | 6th ed |
| 260 ## - PUBLICATION, DISTRIBUTION, ETC. (IMPRINT) | |
| Name of publisher, distributor, etc | Royal Pharmaceutical Society |
| Date of publication, distribution, etc | 2016 |
| 300 ## - PHYSICAL DESCRIPTION | |
| Extent | 647 pages |
| Withdrawn status | Lost status | Source of classification or shelving scheme | Damaged status | Home library | Current library | Shelving location | Date acquired | Source of acquisition | Total Checkouts | Full call number | Barcode | Date last seen | Price effective from | Koha item type |
|---|---|---|---|---|---|---|---|---|---|---|---|---|---|---|
| Library of Congress Classification | South SEED-LPDH College Library | South SEED-LPDH College Library | South SEED-LPDH College Section | 01/16/2018 | Library Fund | RS 403 .F632 2016 | SSLC1639 | 01/16/2018 | 01/16/2018 | Books |